Normal view
MARC view
Entry Corporate Name
001 - CONTROL NUMBER
- control field: 2881
003 - CONTROL NUMBER IDENTIFIER
- control field: OSt
005 - DATE AND TIME OF LATEST TRANSACTION
- control field: 20211028141448.0
008 - FIXED-LENGTH DATA ELEMENTS
- fixed length control field: 211028|| aca||aabn | a|a d
040 ## - CATALOGING SOURCE
- Original cataloging agency: OSt
- Transcribing agency: OSt
110 ## - HEADING--CORPORATE NAME
- Corporate name or jurisdiction name as entry element: Hemalatha
670 ## - SOURCE DATA FOUND
- Source citation: Work cat.: (OSt): Shetty, Samit Anand; Pavithra. 50971286 2880, Electronic distributor and reseller network administration., 2008